Software engineering: principles and practices (Record no. 2609)

MARC details
000 -LEADER
Fixed length control field 00479nam a2200181 4500
003 - CONTROL NUMBER IDENTIFIER
Control field SEACOMEC
005 - DATE AND TIME OF LATEST TRANSACTION
Control field 20251017114453.0
008 - FIXED-LENGTH DATA ELEMENTS--GENERAL INFORMATION
Fixed length control field 251017b |||||||| |||| 00| 0 eng d
020 ## - INTERNATIONAL STANDARD BOOK NUMBER / ISBN
International Standard Book Number 978-81-259-3946-7
Price 250.00
040 ## - CATALOGING SOURCE
Original cataloging agency SEACOMEC
041 ## - LANGUAGE CODE
Language code English
082 ## - DEWEY DECIMAL CLASSIFICATION NUMBER
Classification number 005.1
Book Number K45
100 ## - MAIN ENTRY--PERSONAL NAME
Personal name Khurana, Rohit
245 ## - TITLE STATEMENT
Title Software engineering: principles and practices
Statement of responsibility Rohit Khurana
250 ## - EDITION STATEMENT
Edition statement 2nd ed.
260 ## - IMPRINT
Place of publication Kolkata
Name of publisher Vikas Publishing.
Date of publication 2010
942 ## - ADDED ENTRY ELEMENTS (KOHA)
Koha item type Gifted/Donated Books
Holdings
Withdrawn status Lost status Source of classification Damaged status Not for loan Home library Current library Date acquired Total Checkouts Call number Accession number Date last seen Price effective from Koha item type
    Dewey Decimal Classification     SEACOM ENGINEERING COLLEGE SEACOM ENGINEERING COLLEGE 17/10/2025   005.1 K45 G3 17/10/2025 17/10/2025 Gifted/Donated Books
© Seacom Engineering College, All rights reserved.      Powered by Koha